000 00651nam a2200229Ia 4500
003 OSt
005 20230406095641.0
008 210423s2007 xx 000 0 und d
020 _a9780195172188
040 _cAL
041 _aeng
082 _a150 ONGA
100 _aONG (Anthony D);VAN DULMEN (Manfred H M),Ed
_984005
245 _aOxford handbook of methods in positive psychology
260 _aOxford
_bOxford University Press
_c2007
300 _axxii,644
_bHB
365 _b1495
_cINR
650 _aPhilosophy
_984006
650 _aPsychology
_984007
906 _ahandbook ; methods ; Oxford ; positive ; psychology
942 _2ddc
_cBK
999 _c158207
_d158207